000 00626 a2200205 4500
001 62132
005 20260407155915.0
008 260407a1945 arg spa d
003 AR-UNSa-BCEJYS
040 _aAR-UNSa-BCEJYS
_bspa
_cAR-UNSa-BCEJYS
080 _a349.22:331.106
_xContrato de trabajo
245 1 0 _aEl contrato de trabajo
_pen el derecho argentino y comparado
264 1 _aBuenos Aires :
_bImprenta López
_c1945
300 _a622 p.
_c23 cm.
041 _aspa
942 _cBK
590 _aniveau_biblio:m niveau_hierar:0
100 1 _aGarcia Martinez, Francisco
700 1 _aGarcía Martínez, Julio Argentino
999 _c7575
_d7575